| 000 | 00691nam a2200217 a 4500 | ||
|---|---|---|---|
| 001 | BRCA_478 | ||
| 005 | 20190320203028.0 | ||
| 008 | 990805s1999 enka---##b---#001-0#eng-d | ||
| 020 | _a1840009098 | ||
| 040 |
_aOSU _cOSU _dDLC |
||
| 050 | 4 |
_aNK1065 _b.M55 1999 |
|
| 245 | 1 | 0 |
_aMiller´s chinese & japanese antiques _bbuyer´s guide _casesor Peter Wain. |
| 260 |
_aLondres _bMiller´s _c1999 |
||
| 300 |
_a320 p. _bil. (algunas a color) _c28 cm. |
||
| 500 | _aIncluye glosario e índice alfabético | ||
| 504 | _aBibliografía: p. 312 | ||
| 650 | 1 | 4 |
_aAntigüedades _vCatálogos _zChina _91646 |
| 650 | 1 | 4 |
_aAntigüedades _vCatálogos _zJapón _91647 |
| 700 | 1 |
_aWain, Peter _91648 |
|
| 942 |
_2lcc _cB |
||
| 999 |
_c413 _d413 |
||